| 000 | 01690nam0a2200397 4500 | ||
|---|---|---|---|
| 001 | RU\NLR\bibl\135967 | ||
| 005 | 20250618043213.0 | ||
| 010 |
_a5-85173-045-5 _9350 |
||
| 020 |
_aRU _b98-19245 _9Книжная летопись |
||
| 021 |
_aRU _b98-7976 _9378 |
||
| 035 | _a(NLR Aleph) 000133192 | ||
| 090 |
_a761126 _c761126 |
||
| 100 | _a19990528d1998 |||y0rusy50 ca | ||
| 101 | 0 | _arus | |
| 102 | _aRU | ||
| 105 | _aa ||||||||| | ||
| 200 | 1 |
_aОсновы отраслевых технологий и организации производства _eУчеб. пособие _fД. Л. Поправка, Л. Ф. Мелехин _gКубан. гос. технол. ун-т |
|
| 210 |
_aКраснодар _cИзд-во КубГТУ _d1998 |
||
| 215 |
_a109 с. _cил. _d21 |
||
| 320 | _aБиблиогр.: с. 109 (7 назв.) | ||
| 606 | 0 |
_aПромышленность _jРуководства, пособия и т.п. для высшей школы _xОрганизация _9896412 _3RU\NLR\auth\664941 |
|
| 606 | 0 |
_aПромышленность _jУчебные издания для высшей школы _xОрганизация _9896412 _3RU\NLR\auth\664941 |
|
| 610 | 0 | _aОрганизация производства | |
| 675 |
_a658(075.8) _v3 _zrus |
||
| 686 |
_a81 _2rugasnti |
||
| 686 |
_a3 _2rubbk |
||
| 686 | _aУ30(2)-801я73 | ||
| 700 | 1 |
_aПоправка _gДмитрий Леонтьевич _4070 |
|
| 701 | 1 |
_aМелехин _gЛеонид Федорович _4070 |
|
| 801 | 0 |
_aRU _bRKP _c19990528 _gPSBO |
|
| 801 | 1 |
_aRU _bRKP _c19990528 |
|
| 801 | 2 |
_aRU _bNLR _c20010319 _grcr |
|
| 852 |
_aNLR _j2000-3/9220 |
||
| 942 | _cBOOK | ||
| 980 | _aNB | ||